[Event "World Rapid 2025"]
[Site "Doha QAT"]
[Date "2025.12.26"]
[Round "3.15"]
[White "Meng, Yihan"]
[Black "Mamedov, Rauf"]
[Result "1/2-1/2"]
[WhiteTitle "IM"]
[BlackTitle "GM"]
[WhiteElo "2456"]
[BlackElo "2645"]
[WhiteFideId "8631891"]
[BlackFideId "13401653"]
[EventDate "2025.12.26"]
[EventType "rapid"]

1. e4 c5 2. Nf3 Nc6 3. d4 cxd4 4. Nxd4 g6 5. c4 Nf6 6. Nc3 Nxd4 7. Qxd4 d6 8. f3
Bg7 9. Be3 O-O 10. Qd2 a5 11. Na4 Be6 12. Nb6 Rb8 13. Qxa5 Nd7 14. Qb4 f5 15.
exf5 Rxf5 16. Nxd7 Qxd7 17. Be2 b5 18. cxb5 Re5 19. Qd2 Rd5 20. Qb4 Re5 21. Qd2
Rd5 22. Qb4 1/2-1/2

[Event "World Rapid 2025"]
[Site "Doha QAT"]
[Date "2025.12.26"]
[Round "3.16"]
[White "Aronian, Levon"]
[Black "Donchenko, Alexander"]
[Result "1/2-1/2"]
[WhiteTitle "GM"]
[BlackTitle "GM"]
[WhiteElo "2729"]
[BlackElo "2661"]
[WhiteFideId "13300474"]
[BlackFideId "24603295"]
[EventDate "2025.12.26"]
[EventType "rapid"]

1. e4 c5 2. Nf3 d6 3. Bc4 Nf6 4. d3 e6 5. O-O Be7 6. Nbd2 O-O 7. a4 Nc6 8. Re1
b6 9. Nf1 d5 10. exd5 exd5 11. Ba2 Nb4 12. Bb1 d4 13. Bd2 Nbd5 14. Ba2 h6 15.
Ng3 Re8 16. Ne5 Be6 17. f4 Bd6 18. Qf3 Qc7 19. h3 Rad8 20. Re2 Nxf4 21. Bxf4
Bxa2 22. Nf5 Bd5 23. Qg3 Nh5 24. Nxh6+ Kh7 25. Qh4 Bxe5 26. Ng4 Bxf4 27. Qxh5+
Kg8 28. Rxe8+ Rxe8 29. Qxd5 Re2 30. Rf1 Be3+ 31. Kh1 Rxc2 32. Qa8+ Kh7 33. Qe4+
Kg8 34. Qe8+ Kh7 35. Qe4+ Kg8 36. Qe8+ Kh7 37. Ne5 Qb7 38. Rf3 Qc7 39. Rf1 1/2-1/2

[Event "World Rapid 2025"]
[Site "Doha QAT"]
[Date "2025.12.26"]
[Round "3.17"]
[White "Narayanan, S.L."]
[Black "Firouzja, Alireza"]
[Result "1/2-1/2"]
[WhiteTitle "GM"]
[BlackTitle "GM"]
[WhiteElo "2616"]
[BlackElo "2762"]
[WhiteFideId "5058422"]
[BlackFideId "12573981"]
[EventDate "2025.12.26"]
[EventType "rapid"]

1. d4 Nf6 2. Nf3 g6 3. Nbd2 Bg7 4. e4 d6 5. Bb5+ c6 6. Bd3 O-O 7. O-O Qc7 8. Re1
e5 9. c3 Re8 10. h3 a5 11. Nf1 a4 12. a3 Be6 13. Ng3 Nbd7 14. Be3 b5 15. Rc1 Nb6
16. Qd2 Nfd7 17. Bh6 f6 18. Bxg7 Kxg7 19. Nh2 d5 20. Ng4 Bxg4 21. hxg4 Rad8 22.
g5 dxe4 23. gxf6+ Nxf6 24. Nxe4 Nxe4 25. Rxe4 exd4 26. Rh4 Re6 27. Rxd4 Rxd4 28.
cxd4 Qe7 29. Bf1 h5 30. d5 Nxd5 31. Bxb5 cxb5 32. Qxd5 Re1+ 33. Rxe1 Qxe1+ 34.
Kh2 Qxf2 35. Qxb5 Qh4+ 36. Kg1 Qd4+ 37. Kh1 h4 38. b4 Qa1+ 39. Kh2 Qxa3 40. Qe5+
Kf7 41. Qd5+ 1/2-1/2

[Event "World Rapid 2025"]
[Site "Doha QAT"]
[Date "2025.12.26"]
[Round "3.18"]
[White "Caruana, Fabiano"]
[Black "Lazavik, Denis"]
[Result "1/2-1/2"]
[WhiteTitle "GM"]
[BlackTitle "GM"]
[WhiteElo "2795"]
[BlackElo "2605"]
[WhiteFideId "2020009"]
[BlackFideId "13515110"]
[EventDate "2025.12.26"]
[EventType "rapid"]

1. c4 e6 2. Nc3 d5 3. d4 Be7 4. cxd5 exd5 5. Bf4 c6 6. h3 Bd6 7. e3 Ne7 8. Nf3
O-O 9. Be2 Re8 10. Bxd6 Qxd6 11. O-O Nd7 12. a4 a5 13. Qb3 Ng6 14. Qa3 Qxa3 15.
bxa3 Nf6 16. Rab1 Rd8 17. Nd2 Ne8 18. Nb3 Nd6 19. Nc5 Nf8 20. Bd3 Ne6 21. Rfc1
Nxc5 22. dxc5 Ne8 23. Ne2 h5 24. Nd4 g6 25. g4 hxg4 26. hxg4 Kg7 27. Kg2 Nc7 28.
Kg3 Rh8 29. Kf4 Ne6+ 30. Nxe6+ Bxe6 31. Rxb7 Rh2 32. Rc2 Rd8 33. Rc7 d4 34. Rxc6
dxe3 35. fxe3 Rh4 36. Be2 Kf6 37. Rd6 g5+ 38. Kg3 Rdh8 39. Kf2 Ke5 40. Rd4 Bxg4
41. c6 Rh2+ 42. Ke1 Rxe2+ 43. Rxe2 Rh1+ 44. Kd2 Bxe2 45. Kxe2 Rc1 46. Rd7 Rxc6
47. Rxf7 Rc4 48. Rb7 Rxa4 49. Rb5+ Kf6 50. Rb3 g4 1/2-1/2

[Event "World Rapid 2025"]
[Site "Doha QAT"]
[Date "2025.12.26"]
[Round "3.19"]
[White "Bjerre, Jonas Buhl"]
[Black "Abdusattorov, Nodirbek"]
[Result "1-0"]
[WhiteTitle "GM"]
[BlackTitle "GM"]
[WhiteElo "2623"]
[BlackElo "2732"]
[WhiteFideId "1444948"]
[BlackFideId "14204118"]
[EventDate "2025.12.26"]
[EventType "rapid"]

1. e4 c5 2. Nf3 e6 3. b3 b6 4. Bb2 Bb7 5. Nc3 Nc6 6. Qe2 Nd4 7. Nxd4 cxd4 8. Nb5
e5 9. Qh5 d6 10. Bc4 Qd7 11. Be6 Qxe6 12. Nc7+ Kd7 13. Nxe6 fxe6 14. d3 Nf6 15.
Qe2 Rc8 16. O-O Be7 17. Rac1 Ba6 18. c3 d5 19. exd5 Nxd5 20. c4 Nf4 21. Qxe5 Bd6
22. Qxg7+ Kc6 23. b4 Bxb4 24. g3 Rcg8 25. Qe5 Bd6 26. Qe4+ Kc7 27. c5 Nh3+ 28.
Kg2 bxc5 29. Kxh3 Bb7 30. Qxd4 1-0

[Event "World Rapid 2025"]
[Site "Doha QAT"]
[Date "2025.12.26"]
[Round "3.20"]
[White "Shimanov, Aleksandr"]
[Black "Duda, Jan-Krzysztof"]
[Result "1/2-1/2"]
[WhiteTitle "GM"]
[BlackTitle "GM"]
[WhiteElo "2578"]
[BlackElo "2729"]
[WhiteFideId "4198603"]
[BlackFideId "1170546"]
[EventDate "2025.12.26"]
[EventType "rapid"]

1. d4 Nf6 2. Bg5 c5 3. Bxf6 gxf6 4. d5 Qb6 5. Qc1 f5 6. c4 Bg7 7. Nc3 Qa5 8. e3
Bxc3+ 9. bxc3 d6 10. Bd3 Nd7 11. f4 Rg8 12. g3 Nf6 13. a4 e5 14. Nh3 e4 15. Be2
Bd7 16. Qb2 O-O-O 17. Kd2 Kb8 18. Rhb1 Bc8 19. Qb5 Qc7 20. Rg1 Rg6 21. Rg2 Rdg8
22. a5 Ng4 23. Bxg4 fxg4 24. Nf2 Qe7 25. Qb1 Re8 26. Qc2 h5 27. Qb1 Rh6 28. Qc2
Kc7 29. Qb1 Kd8 30. Qc2 Bf5 31. Rb1 Qc7 32. Qa4 Re7 33. Qa3 Ke8 34. Qa4+ Kf8 35.
Qa3 Re8 36. Qa4 Rb8 37. Qa2 Ke7 38. Rgg1 Rhh8 39. Qc2 b6 40. axb6 axb6 41. Ra1
Ra8 42. Qb2 Ra5 43. Rgb1 Bd7 44. Nxe4 h4 45. Rxa5 hxg3 46. Kd3 bxa5 47. Nxg3 a4
48. e4 Kf6 49. Re1 Kg7 50. e5 dxe5 51. fxe5 a3 52. Qf2 Qd8 53. Rf1 Qe7 54. Ne4
a2 55. Qxa2 Qxe5 56. Qf2 f5 57. Ng3 Re8 58. Qxc5 Kg6 59. Qd4 Qe7 60. Qf4 Qf6 61.
Rf2 Re1 62. Re2 Rd1+ 63. Rd2 Rc1 64. Ne2 Rh1 65. Rb2 Qe7 66. Qe3 Rd1+ 67. Rd2
Rxd2+ 68. Kxd2 Qa3 69. Nf4+ Kf7 70. c5 Qa2+ 71. Ke1 Qxh2 72. c6 Bc8 73. Qa7+ Kf6
74. Qc7 g3 75. Qd6+ Kg5 76. c7 Qf2+ 77. Kd1 Qxf4 78. Qd8+ Kg4 79. Qxc8 g2 80.
Qg8+ Qg5 81. Qxg5+ Kxg5 82. c8=Q g1=Q+ 83. Kc2 Qg2+ 84. Kb3 Qxd5+ 85. c4 Qd3+
86. Kb4 f4 87. Qg8+ Kh4 88. Qh8+ Kg3 89. Qg7+ Kf2 90. c5 Qb1+ 91. Ka5 Qa2+ 92.
Kb4 Qb1+ 93. Ka5 Qc2 94. Qd4+ Kg3 95. Qg7+ Kf2 96. Qd4+ Kg3 97. Qg7+ Kf2 1/2-1/2

[Event "World Rapid 2025"]
[Site "Doha QAT"]
[Date "2025.12.26"]
[Round "3.21"]
[White "Nesterov, Arseniy"]
[Black "Rapport, Richard"]
[Result "1/2-1/2"]
[WhiteTitle "GM"]
[BlackTitle "GM"]
[WhiteElo "2595"]
[BlackElo "2741"]
[WhiteFideId "24198455"]
[BlackFideId "738590"]
[EventDate "2025.12.26"]
[EventType "rapid"]

1. d4 Nf6 2. c4 e6 3. Nf3 b6 4. g3 Bb7 5. Bg2 Be7 6. O-O O-O 7. Nc3 Ne4 8. Bd2
Bf6 9. Be1 Nxc3 10. Bxc3 Be4 11. Qd2 d5 12. cxd5 Qxd5 13. Rfd1 Nc6 14. Ne1 Rad8
15. Bxe4 Qxe4 16. Qc2 Qg4 17. Nf3 Rd6 18. Kg2 Rfd8 19. e3 a5 20. Rac1 h6 21. Nd2
Be7 22. h3 Qh5 23. Ne4 R6d7 24. Be1 Nb4 25. Qc4 c5 26. Bxb4 axb4 27. g4 Qd5 28.
Qxd5 exd5 29. dxc5 dxe4 30. Rxd7 Rxd7 31. cxb6 Bf8 32. Rc7 Rd6 33. b7 Rb6 34. a4
bxa3 35. bxa3 Kh7 36. a4 Bb4 37. Rxf7 Kg6 38. Rc7 Kh7 39. h4 Be1 40. h5 Rb2 41.
Kf1 Bd2 42. Re7 Rb1+ 43. Kg2 Be1 44. Kg3 Rb3 45. Kg2 Rb1 46. Rd7 Rb2 47. Kf1 Bc3
48. Rc7 Rb1+ 49. Kg2 Be5 50. Re7 Bc3 51. Rd7 Rb2 52. Rc7 Be5 53. Re7 Bf6 54. Rc7
Be5 55. Rd7 Bc3 56. Rc7 1/2-1/2

[Event "World Rapid 2025"]
[Site "Doha QAT"]
[Date "2025.12.26"]
[Round "3.22"]
[White "Petrov, Nikita"]
[Black "Gukesh, D"]
[Result "0-1"]
[WhiteTitle "GM"]
[BlackTitle "GM"]
[WhiteElo "2578"]
[BlackElo "2754"]
[WhiteFideId "4101286"]
[BlackFideId "46616543"]
[EventDate "2025.12.26"]
[EventType "rapid"]

1. d4 Nf6 2. c4 e6 3. Nc3 Bb4 4. e3 O-O 5. Bd3 d5 6. a3 dxc4 7. Bxc4 Bd6 8. Nf3
Nc6 9. h3 e5 10. Qc2 a6 11. O-O Bd7 12. Rd1 exd4 13. exd4 Qc8 14. Ne4 Nxe4 15.
Qxe4 Bf5 16. Qh4 Ne7 17. Be3 Bc2 18. Rd2 Nf5 19. Qg4 Nxe3 20. Qxc8 Raxc8 21.
fxe3 Bg6 22. Rf1 c5 23. Bd5 cxd4 24. Bxb7 Rb8 25. Bc6 d3 26. Nh4 Bc5 27. Rf3
Rfd8 28. Nxg6 hxg6 29. b4 Ba7 30. Kf1 Rbc8 31. Bb7 Rc1+ 32. Kf2 Rd6 33. Be4 Rc3
34. a4 f5 35. Bb7 Rc7 36. Bxa6 Rxa6 0-1

[Event "World Rapid 2025"]
[Site "Doha QAT"]
[Date "2025.12.26"]
[Round "3.23"]
[White "Can, Emre"]
[Black "Giri, Anish"]
[Result "0-1"]
[WhiteTitle "GM"]
[BlackTitle "GM"]
[WhiteElo "2541"]
[BlackElo "2760"]
[WhiteFideId "6302181"]
[BlackFideId "24116068"]
[EventDate "2025.12.26"]
[EventType "rapid"]

1. d4 Nf6 2. c4 e6 3. Nf3 b6 4. g3 Ba6 5. Qc2 Bb7 6. Bg2 c5 7. d5 exd5 8. cxd5
Nxd5 9. O-O Nc6 10. Rd1 Be7 11. Qf5 Nf6 12. e4 g6 13. Qf4 O-O 14. e5 Nh5 15. Qa4
Re8 16. Nc3 Ng7 17. h4 Ne6 18. Nd5 Nb4 19. Nxe7+ Qxe7 20. Rxd7 Bc6 21. Rxe7 Bxa4
22. Rxe8+ Rxe8 23. Bh6 Nc2 24. Rc1 Ned4 25. Nxd4 Nxd4 26. Re1 Bc6 27. Bg5 Bxg2
28. Kxg2 f5 29. Bd2 Kf7 30. Bc3 Ne6 31. a4 Rd8 32. Kf3 Ke7 33. Ke3 a6 34. f3 Kd7
35. h5 Kc6 36. hxg6 hxg6 37. Rh1 b5 38. axb5+ axb5 39. Rh6 Rg8 40. Rh7 b4 41.
Bd2 Rg7 42. Rh8 Kd5 43. f4 g5 44. fxg5 Rxg5 45. Kf3 Rg7 46. Bf4 Ra7 47. g4 fxg4+
48. Kxg4 Rg7+ 49. Kf3 Rf7 50. Rh4 c4 51. Ke3 Rxf4 0-1

[Event "World Rapid 2025"]
[Site "Doha QAT"]
[Date "2025.12.26"]
[Round "3.24"]
[White "Praggnanandhaa, R"]
[Black "Rakhmanov, Aleksandr"]
[Result "1/2-1/2"]
[WhiteTitle "GM"]
[BlackTitle "GM"]
[WhiteElo "2761"]
[BlackElo "2585"]
[WhiteFideId "25059530"]
[BlackFideId "4173708"]
[EventDate "2025.12.26"]
[EventType "rapid"]

1. c4 Nf6 2. Nf3 d6 3. d4 g6 4. Nc3 Bf5 5. d5 e5 6. dxe6 Bxe6 7. Nd4 Bd7 8. e4
Bg7 9. Be2 Nc6 10. Be3 O-O 11. O-O Re8 12. f3 Nh5 13. Qd2 Nxd4 14. Bxd4 Nf4 15.
Be3 Bxc3 16. bxc3 Nxe2+ 17. Qxe2 b6 18. Bd4 Qe7 19. Rae1 f6 20. f4 c5 21. Bf2
Bc6 22. f5 Qxe4 23. Qxe4 Bxe4 24. fxg6 hxg6 25. Bg3 Re6 26. Bxd6 Rae8 27. Bg3
Bd3 28. Rxe6 Rxe6 29. Re1 Rxe1+ 30. Bxe1 Kf7 31. Bg3 Ke6 32. Bb8 Kd7 33. h4 Bxc4
34. a3 Kc6 35. Kf2 a6 36. Ke3 Kd5 37. Kd2 Bf1 38. g3 Kc4 39. Kc2 Kd5 40. Kb2 Ke4
41. Bc7 Kf3 42. Bd8 f5 43. Bc7 Bc4 44. Bb8 b5 45. Bd6 a5 46. Bc7 Bd5 47. Bd6 Be6
48. Bc7 Bf7 49. Bd6 b4 50. axb4 axb4 51. cxb4 cxb4 52. Bc7 b3 53. Bd6 Kg4 54.
Bc7 g5 55. Bd6 1/2-1/2

[Event "World Rapid 2025"]
[Site "Doha QAT"]
[Date "2025.12.26"]
[Round "3.25"]
[White "Zemlyanskii, Ivan"]
[Black "Esipenko, Andrey"]
[Result "1/2-1/2"]
[WhiteTitle "GM"]
[BlackTitle "GM"]
[WhiteElo "2592"]
[BlackElo "2698"]
[WhiteFideId "24249971"]
[BlackFideId "24175439"]
[EventDate "2025.12.26"]
[EventType "rapid"]

1. e4 e5 2. Bc4 Nf6 3. d3 Be7 4. Nf3 d6 5. O-O O-O 6. a4 c5 7. Nc3 Be6 8. Ng5
Qd7 9. Nxe6 fxe6 10. Qf3 Ne8 11. Qh3 Nc7 12. Nb5 Nba6 13. f4 d5 14. Nxc7 Nxc7
15. exd5 Nxd5 16. fxe5 Rxf1+ 17. Kxf1 Rf8+ 18. Kg1 Rf5 19. Bd2 Rxe5 20. Rf1 Bf6
21. Qg3 Qd8 22. Qg4 Kh8 23. c3 Ne3 24. Bxe3 Rxe3 25. a5 Qd6 26. Qh5 Qe7 27. a6
bxa6 28. Bxa6 g6 29. Qg4 Kg7 30. Bc4 h5 31. Qf4 Re2 32. Rf2 Re1+ 33. Rf1 Re2 34.
Rf2 1/2-1/2

[Event "World Rapid 2025"]
[Site "Doha QAT"]
[Date "2025.12.26"]
[Round "3.26"]
[White "Le, Quang Liem"]
[Black "Puranik, Abhimanyu"]
[Result "1/2-1/2"]
[WhiteTitle "GM"]
[BlackTitle "GM"]
[WhiteElo "2731"]
[BlackElo "2622"]
[WhiteFideId "12401137"]
[BlackFideId "5061245"]
[EventDate "2025.12.26"]
[EventType "rapid"]

1. d4 Nf6 2. c4 g6 3. Nc3 d5 4. cxd5 Nxd5 5. e4 Nxc3 6. bxc3 Bg7 7. Bc4 c5 8.
Ne2 Nc6 9. d5 Na5 10. Bd3 O-O 11. Be3 c4 12. Bc2 e6 13. Qd2 exd5 14. exd5 b6 15.
O-O Nb7 16. Rad1 Nd6 17. Nd4 Bb7 18. Nc6 Qd7 19. Bd4 Rfe8 20. Bxg7 Kxg7 21. f4
Ne4 22. Bxe4 Rxe4 23. Ne5 Qd6 24. Rfe1 Qxd5 25. Qxd5 Rxe1+ 26. Rxe1 Bxd5 27. Rd1
Be6 28. Rd6 Rc8 29. Nc6 Rc7 30. Kf2 Bd7 31. Ne5 Be8 32. Rd4 b5 33. Rd8 Kf8 34.
Rb8 Ke7 35. g4 f6 36. Nf3 a6 37. Nd4 Rd7 38. Ke3 Rd6 39. f5 Rd5 40. Rb6 Re5+ 41.
Kf3 a5 42. a3 Bd7 43. Ra6 gxf5 44. gxf5 a4 45. Ra7 Kd6 46. Ra6+ Ke7 47. Ra7 Re1
48. Nxb5 Rd1 49. Ke4 Rd3 50. h4 h5 51. Rc7 Rh3 52. Kd5 Kd8 53. Rb7 Bxf5 54. Nd4
Bg4 55. Kxc4 Rxh4 56. Kd5 Rh3 57. Kc4 Re3 58. Rh7 f5 59. Rf7 Ke8 60. Nxf5 Re6
61. Rh7 Bxf5 62. Rxh5 Bc2 63. Kb5 Re3 64. Rd5 Ke7 65. Kb4 Re4+ 66. Rd4 Re1 67.
c4 Rb1+ 68. Ka5 Ke6 69. c5 Ke5 70. Rd2 Be4 71. Kxa4 Bc6+ 72. Ka5 Rb5+ 73. Ka6
Rb3 74. Ka5 Bd5 75. a4 Rb8 76. Rd1 Bc6 77. Rd2 Be8 78. Rd6 Ra8+ 79. Ra6 Rc8 80.
Kb4 Bc6 81. Ra7 Kd4 82. Ra6 Kd5 83. Ra7 Rb8+ 84. Kc3 Rh8 85. Rg7 Rh3+ 86. Kd2
Kd4 87. Kc2 Be4+ 88. Kb2 Kxc5 89. a5 Kb4 90. a6 Rh2+ 91. Kc1 Bd3 92. a7 Ra2 93.
Kd1 Kc3 94. Ke1 Re2+ 95. Kf1 Ra2+ 96. Kg1 Kd4 97. a8=Q Rxa8 98. Kf2 Rf8+ 99. Kg3
Ke3 100. Kg4 Rf1 101. Kg5 Be4 102. Re7 Rf5+ 103. Kg6 Ra5+ 104. Kf6 Kf4 105. Re6
Rh5 106. Ke7 Bd5 107. Re1 Rh6 108. Re2 Be4 109. Re1 Ke5 110. Re2 Rh7+ 111. Ke8
Kd5 112. Kf8 Bf5 113. Re7 Rh6 114. Kg7 Ra6 115. Re1 Be4 116. Kf7 Ke5 117. Ke7
Ra7+ 118. Ke8 Kf5 119. Kd8 Rh7 120. Re2 Ke5 121. Ke8 Kd5 122. Kf8 Bf5 123. Re7
Rh1 124. Re2 Be6 125. Ke7 Rh7+ 126. Kf6 Rf7+ 127. Kg5 Kd6 128. Re1 Rf5+ 129. Kg6
Ke7 130. Rg1 Rf8 131. Rg5 Rf6+ 132. Kg7 Bf5 133. Rg3 Rf7+ 134. Kh6 Kf6 135. Rg6+
Ke5 136. Rg7 Rf8 137. Kg5 Be6 138. Kg6 Rf1 139. Kg5 Bf7 140. Kh6 Kf6 141. Rg6+
Bxg6 1/2-1/2

[Event "World Rapid 2025"]
[Site "Doha QAT"]
[Date "2025.12.26"]
[Round "3.27"]
[White "Urkedal, Frode Olav Olsen"]
[Black "Jobava, Baadur"]
[Result "1/2-1/2"]
[WhiteTitle "GM"]
[BlackTitle "GM"]
[WhiteElo "2568"]
[BlackElo "2568"]
[WhiteFideId "1506102"]
[BlackFideId "13601520"]
[EventDate "2025.12.26"]
[EventType "rapid"]

1. d4 d5 2. c4 dxc4 3. e4 Nf6 4. e5 Nd5 5. Bxc4 Bf5 6. Ne2 e6 7. O-O Nb6 8. Bb5+
N8d7 9. Ng3 Bg6 10. f4 f5 11. Nc3 c6 12. Be2 Be7 13. Qb3 Bf7 14. Be3 O-O 15. a4
a5 16. Rfd1 Kh8 17. Bf2 Rb8 18. Nf1 h6 19. Rac1 g5 20. fxg5 hxg5 21. g4 Bg8 22.
Ng3 Qe8 23. gxf5 exf5 24. e6 f4 25. Nge4 Qg6 26. d5 Nxd5 27. Nxd5 cxd5 28. Qh3+
Kg7 29. Rxd5 Bxe6 30. Bd4+ Kf7 31. Bg4 Bxg4 32. Qxg4 Qxe4 33. Rxd7 Rbd8 34. Qh5+
Ke6 35. Rxe7+ Kxe7 36. Qxg5+ Ke6 37. Qh6+ Kd5 38. Qg5+ Ke6 39. Qh6+ Kd5 40. Qg5+
Ke6 1/2-1/2

[Event "World Rapid 2025"]
[Site "Doha QAT"]
[Date "2025.12.26"]
[Round "3.28"]
[White "Martinez Alcantara, Jose Eduardo"]
[Black "Pranesh, M"]
[Result "1-0"]
[WhiteTitle "GM"]
[BlackTitle "GM"]
[WhiteElo "2667"]
[BlackElo "2627"]
[WhiteFideId "3805662"]
[BlackFideId "35028600"]
[EventDate "2025.12.26"]
[EventType "rapid"]

1. b3 e5 2. Bb2 Nc6 3. e3 Nge7 4. Nf3 e4 5. Nd4 Nxd4 6. Bxd4 d5 7. d3 Nf5 8. Bb2
Bb4+ 9. c3 Bd6 10. dxe4 dxe4 11. g3 Be5 12. Nd2 Nd6 13. Qc2 f5 14. O-O-O Qe7 15.
Nc4 Nxc4 16. Bxc4 c6 17. Rd2 b5 18. Be2 Be6 19. Rhd1 O-O 20. c4 Bxb2+ 21. Qxb2
a5 22. Qe5 a4 23. b4 Rfe8 24. Rd6 Qf7 25. Qc5 Rac8 26. a3 h6 27. Kb1 Kh7 28.
R1d4 bxc4 29. Bxc4 Bxc4 30. Qxc4 Qh5 31. h4 Qf3 32. Rd2 c5 33. b5 Re7 34. Ka2
Rb7 35. Rc6 Rbc7 36. Rxc7 Rxc7 37. b6 Rb7 38. Qxc5 Qh5 39. Rb2 Qf7+ 40. Kb1 Rd7
41. Qc2 Qd5 42. Qxa4 Qd3+ 43. Ka2 Qd5+ 44. Qb3 Qb7 45. Qe6 Rd5 46. h5 Rc5 47.
Rd2 Qb8 48. Rd7 Kh8 49. Re7 Rc2+ 50. Kb1 Rc8 51. b7 Rd8 52. Qe5 Rd1+ 53. Kc2 Qg8
54. b8=Q 1-0

[Event "World Rapid 2025"]
[Site "Doha QAT"]
[Date "2025.12.26"]
[Round "3.29"]
[White "Kobalia, Mikhail"]
[Black "Sarana, Alexey"]
[Result "1/2-1/2"]
[WhiteTitle "GM"]
[BlackTitle "GM"]
[WhiteElo "2537"]
[BlackElo "2673"]
[WhiteFideId "4119150"]
[BlackFideId "24133795"]
[EventDate "2025.12.26"]
[EventType "rapid"]

1. e4 e5 2. Nf3 Nc6 3. Bb5 Nf6 4. O-O Nxe4 5. Re1 Nd6 6. Nxe5 Be7 7. Bf1 Nxe5 8.
Rxe5 O-O 9. Nc3 Ne8 10. d4 Bf6 11. Re1 d5 12. Bf4 c6 13. Be5 Bxe5 14. Rxe5 Nd6
15. Bd3 Qf6 16. Qd2 Bf5 17. Bxf5 Nxf5 18. Qf4 g6 19. Rae1 Kg7 20. b3 Nd6 21. Qg3
Rae8 22. h3 Nf5 23. Qf4 Rxe5 24. Rxe5 Rd8 25. Kf1 Nd6 26. Qe3 Qh4 27. Qd3 h5 28.
Nb1 Qf4 29. Qe3 Qh2 30. f3 Qh1+ 31. Qg1 Qxg1+ 32. Kxg1 Kf6 33. g4 hxg4 34. hxg4
a5 35. a4 Re8 36. Rxe8 Nxe8 37. Kf2 Nc7 38. Nc3 Ne6 39. Ne2 b5 40. Ke3 bxa4 41.
bxa4 Kg5 42. Nc1 c5 43. Nb3 cxd4+ 44. Nxd4 Nc5 45. Nc6 Nxa4 46. Nxa5 f5 47. gxf5 1/2-1/2

[Event "World Rapid 2025"]
[Site "Doha QAT"]
[Date "2025.12.26"]
[Round "3.30"]
[White "Keymer, Vincent"]
[Black "Pantsulaia, Levan"]
[Result "1/2-1/2"]
[WhiteTitle "GM"]
[BlackTitle "GM"]
[WhiteElo "2776"]
[BlackElo "2472"]
[WhiteFideId "12940690"]
[BlackFideId "13602071"]
[EventDate "2025.12.26"]
[EventType "rapid"]

1. d4 d5 2. c4 e5 3. dxe5 Ne7 4. Nf3 Nbc6 5. cxd5 Qxd5 6. Qxd5 Nxd5 7. a3 h6 8.
e4 Nb6 9. Nc3 Be6 10. h4 O-O-O 11. Bb5 Na5 12. Bf4 Nac4 13. O-O Nxb2 14. Rfb1
Nd3 15. Be3 a6 16. Bxd3 Rxd3 17. Bxb6 cxb6 18. Rc1 Kb8 19. Ne1 Rd2 20. Nf3 Rd3
21. Ne1 Rd7 22. Na4 Ka7 23. f4 Rd4 24. Nc3 Bc5 25. Kh2 g6 26. h5 Rhd8 27. a4 Bb4
28. hxg6 fxg6 29. Kg3 Rd3+ 30. Nxd3 Rxd3+ 31. Kh2 Bxc3 32. Rd1 Bd2 33. g3 Bb3
34. f5 gxf5 35. exf5 Bxd1 36. Rxd1 Rd5 37. f6 Rxe5 38. Rxd2 Rf5 39. Rd6 h5 40.
Kh3 b5 41. axb5 axb5 42. g4 hxg4+ 43. Kxg4 Rf1 44. Kg5 b4 45. Rd4 Rg1+ 46. Kf5
Rf1+ 47. Ke6 b5 48. Rxb4 Kb6 49. Ke5 Kc5 50. Rf4 Re1+ 51. Re4 Rf1 52. Rf4 Re1+
53. Kf5 Re8 54. f7 Rf8 55. Ke6 b4 1/2-1/2

[Event "World Rapid 2025"]
[Site "Doha QAT"]
[Date "2025.12.26"]
[Round "3.31"]
[White "Kosakowski, Jakub"]
[Black "Grandelius, Nils"]
[Result "1-0"]
[WhiteTitle "GM"]
[BlackTitle "GM"]
[WhiteElo "2549"]
[BlackElo "2664"]
[WhiteFideId "1185080"]
[BlackFideId "1710400"]
[EventDate "2025.12.26"]
[EventType "rapid"]

1. e4 c6 2. d4 d5 3. e5 c5 4. Nf3 Nc6 5. dxc5 e6 6. Be3 Nh6 7. Bxh6 gxh6 8. Bb5
Bxc5 9. O-O O-O 10. c4 f6 11. exf6 Kh8 12. Nc3 a6 13. Ba4 Qxf6 14. cxd5 exd5 15.
Qxd5 Nd4 16. Nxd4 Bxd4 17. Rad1 Bxf2+ 18. Kh1 Be6 19. Qxb7 Qe5 20. Rxf2 Rxf2 21.
Qxa8+ Kg7 22. Qa7+ Rf7 23. Qb6 Bc4 24. h3 1-0

[Event "World Rapid 2025"]
[Site "Doha QAT"]
[Date "2025.12.26"]
[Round "3.32"]
[White "Van Foreest, Jorden"]
[Black "Ponkratov, Pavel"]
[Result "1-0"]
[WhiteTitle "GM"]
[BlackTitle "GM"]
[WhiteElo "2692"]
[BlackElo "2587"]
[WhiteFideId "1039784"]
[BlackFideId "4157800"]
[EventDate "2025.12.26"]
[EventType "rapid"]

1. e4 c5 2. Nf3 d6 3. d4 cxd4 4. Nxd4 Nf6 5. Nc3 a6 6. a3 e6 7. g4 Qc7 8. g5
Nfd7 9. h4 b5 10. Be3 Bb7 11. Qd2 Nc6 12. h5 Nce5 13. f4 Nc4 14. Bxc4 Qxc4 15.
O-O-O Rc8 16. Kb1 b4 17. axb4 Qxb4 18. Nb3 a5 19. Qe2 Rxc3 20. bxc3 Qxe4 21.
Nxa5 Qf3 22. Qb5 Be4 23. Nc4 Bc6 24. Qa6 Be7 25. Qc8+ Bd8 26. Rhf1 Qg2 27. Rf2
Qg4 28. Nxd6+ Ke7 29. Rfd2 1-0

[Event "World Rapid 2025"]
[Site "Doha QAT"]
[Date "2025.12.26"]
[Round "3.33"]
[White "Tin, Jingyao"]
[Black "Ivanchuk, Vasyl"]
[Result "1/2-1/2"]
[WhiteTitle "GM"]
[BlackTitle "GM"]
[WhiteElo "2584"]
[BlackElo "2607"]
[WhiteFideId "5804418"]
[BlackFideId "14100010"]
[EventDate "2025.12.26"]
[EventType "rapid"]

1. d4 Nf6 2. c4 e6 3. Nc3 Bb4 4. Qc2 O-O 5. a3 Bxc3+ 6. Qxc3 b6 7. e3 Bb7 8. Qc2
d6 9. Ne2 Nbd7 10. Nc3 c5 11. dxc5 Nxc5 12. b4 Nce4 13. Bb2 Rc8 14. Bd3 Nxc3 15.
Bxc3 b5 16. c5 dxc5 17. Rd1 cxb4 18. Bxh7+ Nxh7 19. Rxd8 Rfxd8 20. axb4 Rc4 21.
Qb2 Rdc8 22. Bd2 Rc2 23. Qa1 Rd8 24. Bc3 Rc8 25. Bb2 a6 26. O-O f6 27. Rc1 Ng5
28. Rxc2 Rxc2 29. Bd4 e5 30. Qd1 Rc4 31. Bc5 Ne6 32. Bd6 Rc8 33. Qa1 Rd8 34. Bc5
a5 35. Bb6 Rd2 36. bxa5 b4 37. Qc1 Ra2 38. h4 b3 39. Qc4 Ra1+ 40. Kh2 b2 41.
Qxe6+ Kh8 42. Qe8+ Kh7 43. Qh5+ Kg8 44. Qe8+ Kh7 45. Qh5+ 1/2-1/2